000 00522nam a22001817a 4500
999 _c18122
_d18122
003 AR-CdUCM
008 190511b ||||| |||| 00| 0 spa d
040 _aMUNICIPALIDAD PROVINCIAL DEL CUSCO
_cBIBLIOTECA MUNICIPAL DEL CUSCO
082 _a870 /
_bH47
100 _aHerbert Lawrence, David
_938527
245 _aDefensa de Lady Chatterley /
260 _aBuenos Aires :
_bTor,
_c1939.
300 _a157 páginas ;
_c18 cm.
505 _aLiteratura.
650 _aLiteratura.
_983
942 _2ddc
_cLIBROS
945 _awfj